Colorado River Basin States (USA and Mexico states) Quiz Stats

 Plays Quiz not verified by Sporcle

Support Sporcle.
Go Orange.
Score 0/9 Timer 05:00
0 Plays Today
States % Correct
Arizona
97.5%
Colorado
95.1%
Utah
93.8%
New Mexico
92.6%
California
91.4%
Baja California
91.4%
Nevada
87.7%
Wyoming
79%
Sonora
49.4%

You're not logged in!

Compare scores with friends on all Sporcle quizzes.
OR
Log In

From the Vault

Song Title Overlaps II

by ghcgh

This is for all the wannabe DJs out there who want to mash-up songs together but don't have the necessary equipment.
Remove Ads.
Support Sporcle.
Get the best of Sporcle when you Go Orange. This ad-free experience offers more features, more stats, and more fun while also helping to support Sporcle. Thank you for becoming a member.

Show Comments

Extras

Top Quizzes Today


Score Distribution

Your Account Isn't Verified!

In order to create a playlist on Sporcle, you need to verify the email address you used during registration. Go to your Sporcle Settings to finish the process.

Report this User

Report this user for behavior that violates our Community Guidelines.

Details: